000
00295nam a22001457a 4500
008
170203b xxu||||| |||| 00| 0 eng d
020
_a
9780683306156
041
_a
eng
080
_a
61
082
_2
4ED
100
_a
3
101
_a
SHM
245
_a
SURGERY
_c
BRUCE JARELL
942
_2
udc
_c
BK
999
_c
4414
_d
4414